| 000 | 00776nac a22002171u 4500 | ||
|---|---|---|---|
| 010 | _a 87029654 | ||
| 020 | _a0860109496 : | ||
| 082 | 0 | 0 |
_a330.953 _bWIL |
| 090 |
_c9521 _d9521 |
||
| 100 | _aWilson, Rodney. | ||
| 245 | 1 | 0 |
_aGulf trade and finance : _btrends and market prospects / _cRodney Wilson. |
| 260 |
_aLondon ; _aBoston : _bGraham & Trotman,c.1987. _cc.1987. |
||
| 300 |
_ax, 125 p. : _bill. ; _c24 cm. |
||
| 500 | _aDistributer : Al-Ahram. | ||
| 511 | _aCatalogued By: Mahitab. | ||
| 650 | 0 |
_aPetroleum industry and trade _zArabian Peninsula. |
|
| 650 | 0 |
_aFinance _zArabian Peninsula. |
|
| 651 | 0 |
_aArabian Peninsula _xEconomic conditions. |
|
| 651 | 0 |
_aArabian Peninsula _xCommerce. |
|
| 942 |
_cBB _k330.953WIL |
||
| 999 |
_c9521 _d9521 |
||